LEADER 00953nam0 2200265 450 001 9910887497503321 005 20240924084619.0 010 $a9783631629079 100 $a20240923d2014----km y0itay50 ba 101 0 $aeng$ager 102 $aDE 105 $ay 001yy 200 1 $aFacets of Linguistics$eProceedings of the 14 th Norddeutsches Linguistisches Kolloquium 2013 in Halle an der Saale$fAnne Ammermann, Alexander Brock, Jana Pflaeging [et al.] 210 $aFrankfurt am Main$cPeter Lang$d2014 215 $a250 p.$d26 cm 225 1 $aHallesche Sprach- und Textforschung. Language and Text Studies. Recherches linguistiques et textuelles$v12 700 1$aAmmermann,$bAnne$01769350 701 1$aBrock,$bAlexander$01769351 801 0$aIT$bUNINA$gREICAT$2UNIMARC 901 $aBK 912 $a9910887497503321 952 $a410 AMME 01$b2024/11508$fFLFBC 959 $aFLFBC 996 $aFacets of Linguistics$94239188 997 $aUNINA